Movies Cut Off At 'A' Quiz Stats

 Plays Quiz Updated Dec 9, 2018

Support Sporcle.
Go Orange.
Score 0/30 Timer 05:00
2 Plays Today
Cut Off at A Movie Title % Correct
THE UNTOUCHABLES
95.1%
NO STRINGSATTACHED
95.1%
THE GIRL WITH THE DRAGON TATTOO
92.9%
MILLION DOLLAR BABY
92.9%
THE PRINCESS DIARIES
91.7%
GET SMART
91.7%
MEET THE PARENTS
91.5%
FRIED GREEN TOMATOES
91.3%
FROM RUSSIA WITH LOVE
90.5%
ZOOLANDER
90.4%
TERMS OF ENDEARMENT
89.8%
HOTEL RWANDA
88.5%
MY BIG FAT GREEK WEDDING
88.5%
DIRTY HARRY
87.8%
FULL METAL JACKET
85%
Cut Off at A Movie Title % Correct
DEEP IMPACT
84.7%
THE CRYING GAME
77.2%
COOL HAND LUKE
71.2%
THE SEVEN YEAR ITCH
66%
THIS IS SPINAL TAP
61.4%
DOG DAY AFTERNOON
54.7%
NOSFERATU
53.9%
2 FAST 2 FURIOUS
46.7%
JUST LIKE HEAVEN
46.1%
PINK FLAMINGOS
41.5%
ZORBA THE GREEK
38.7%
SHOOT THE PIANO PLAYER
36.8%
HORSE FEATHERS
35.2%
DIVORCE ITALIAN STYLE
20.4%
RE-ANIMATOR
17.8%

From the Vault

Anagram Word Stairs II

by citkeane

In general, it's not a good idea to build stairs out of anagrams. Very unstable material.
Remove Ads.
Support Sporcle.
Get the best of Sporcle when you Go Orange. This ad-free experience offers more features, more stats, and more fun while also helping to support Sporcle. Thank you for becoming a member.

Show Comments

Extras

Top Quizzes Today


Score Distribution

Your Account Isn't Verified!

In order to create a playlist on Sporcle, you need to verify the email address you used during registration. Go to your Sporcle Settings to finish the process.

Report this User

Report this user for behavior that violates our Community Guidelines.

Details: